000 01020pam a2200301 a 4500
001 2579937
003 OSt
005 20150408114221.0
008 960723s2012 caua 001 0 eng
010 _a 96027471
020 _a9780840068897
040 _aDLC
_cDLC
_dDLC
050 0 0 _aQA152.2
_b.S965 1997
082 0 0 _a512.13
_220
_bSEA
100 1 _aSwokowski, Earl William,
_d1926-
_946017
245 1 0 _aAlgebra and trigonometry with analytic geometry /
_cEarl W. Swokowski, Jeffery A. Cole.
250 _a13th ed.
260 _aPacific Grove, Calif. :
_bBrooks/Cole Pub. Co.,
_c2012
300 _axviii, 847, A103 p. :
_bill. (some col.) ;
_c24 cm.
500 _aIncludes indexes.
650 0 _aAlgebra.
650 0 _aTrigonometry.
650 0 _aGeometry, Analytic.
_918182
700 1 _aCole, Jeffery A.
_q(Jeffery Alan),
_d1955-
_946018
906 _a7
_bcbc
_corignew
_d1
_eocip
_f19
_gy-gencatlg
942 _2ddc
_cBOOK
999 _c35452
_d269952